Influence of Local Elections on Democratic and Socioeconomic Development of the Government-Controlled Territory of Donbas

Analýza dôvodov, pre ktoré môže mať rozhodnutie neuskutočniť voľby v mnohých osadách negatívny vplyv na vývoj demokratických inštitúcií v regióne, úroveň dôvery ľudí v miestnu a ústrednú vládu, ako aj vyhliadky na opätovnú integráciu dočasne okupovaného územia.

Uložené v:
Podrobná bibliografia
Hlavný autor: Goda, Samuel
Ďalší autori: Jilge, Wilfried, Novykov, Valeri, Erner, Yuliya
Médium: Kapitola
Jazyk:English
Tagy: Pridať tag
Žiadne tagy, Buďte prvý, kto otaguje tento záznam!

MARC

LEADER 00000naa a2200000 4500
001 0271449
005 20250707074858.4
041 0 |a eng 
044 |a DE 
245 1 0 |a Influence of Local Elections on Democratic and Socioeconomic Development of the Government-Controlled Territory of Donbas  |c Samuel Goda 
520 |a Analýza dôvodov, pre ktoré môže mať rozhodnutie neuskutočniť voľby v mnohých osadách negatívny vplyv na vývoj demokratických inštitúcií v regióne, úroveň dôvery ľudí v miestnu a ústrednú vládu, ako aj vyhliadky na opätovnú integráciu dočasne okupovaného územia. 
100 1 |a Goda, Samuel 
700 1 |a Jilge, Wilfried 
700 1 |a Novykov, Valeri 
700 1 |a Erner, Yuliya